00682cam a22002291 4500001001300000003000400013005001700017008004100034010001700075035002000092040001900112042001200131050001700143060002300160100002100183245007100204260004600275300003000321490004700351830003700398999001700435med47000338 DLC20260227111558.0820128s1943 xx ac 000 0 fre  amed47000338  a(OCoLC)14746045 aDLCcDNLMdDLC apremarc00aQP26.F7bF550 aWZ 100bF852F 19431 aFlorkin, Marcel.10aLéon Fredericq et les débuts de la physiologie en Belgique ... aBruxelles,bOffice de publicité,c1943. a103, [1] p.bill., ports.0 aCollection nationale. 3. sér. ;vno. 36 0aCollection nationale. ;vno. 36 c38039d38039